000 00657cam a2200217 4500
008 090401t1992 xxu||||| |||| 00| 0 eng d
020 _a0750612843
035 _a(Sirsi) u9673
041 _aeng
050 _a692.2
100 _aDavis, Lawrence
245 _aGuide to the Building Regulations 1991 for England and Wales.
260 _aOxford
_bButterworth Architecture
_c1992
300 _a361p. : ill. ; 30cm.
350 _a35
520 _aA revised edition of Guide to the Building regulations 1985/ A.J.Elder.
650 _aBUILDING REGULATIONS 1991
690 _aBUILDING AND CONSTRUCTION-REGULATIONS
942 _n0
948 _c04/03/1997
999 _c86651
_d86651